000 00803nam a2200253 i 4500
001 C2-0308386
003 PPAK
005 20180728095222.0
008 110428s1997 my |||| ||||| | may d
020 _a9839851128
040 _aPPAK
_beng
_cPPAK
_erda
082 0 4 _a959.5119
_223
090 0 0 _a959.5119
_bABD
_dKMI
100 0 _aAbdullah Zakaria Ghazali,
_eauthor
245 1 0 _aIstana dan politik Johor 1835-1885
264 1 _aKuala Lumpur :
_bYayasan Penataran Ilmu ,
_c1997
300 _axi, 226 pages ;
_c24 cm
336 _2rdacontent
_atext
337 _2rdamedia
_aunmediated
338 _2rdacarrier
_avolume
500 _aIncludes index.
650 1 0 _aJohor - Kings and rulers. ; Johor - History - 1835-1885. ; Johor - Politics and government - History - 1835-1885.
942 _ddc
_cB
999 _c110997
_d110997